Normal view MARC view

Entry Personal Name

Number of records used in: 1

001 - CONTROL NUMBER

  • control field: 263061

003 - CONTROL NUMBER IDENTIFIER

  • control field: OSt

005 - DATE AND TIME OF LATEST TRANSACTION

  • control field: 20260428142956.0

008 - FIXED-LENGTH DATA ELEMENTS

  • fixed length control field: 260428|| aca||aabn | a|a d

040 ## - CATALOGING SOURCE

  • Original cataloging agency: OSt
  • Transcribing agency: OSt

100 ## - HEADING--PERSONAL NAME

  • Personal name: BANNANJE BABU AMIN mattu MOHAN KOTYAN.
  • Dates associated with a name: ಬನ್ನಂಜೆ ಬಾಬು ಅಮೀನ್ ಮತ್ತು ಮೋಹನ್ ಕೋಟ್ಯಾನ್

670 ## - SOURCE DATA FOUND

  • Source citation: Work cat.: (OSt)93492: BANNANJE BABU AMIN mattu MOHAN KOTYAN. ಬನ್ನಂಜೆ ಬಾಬು ಅಮೀನ್ ಮತ್ತು ಮೋಹನ್ ಕೋಟ್ಯಾನ್, Tulunada garodigala samskratika adhyayana., 1990